000 00459nam a2200169Ia 4500
003 GCL
008 140319s9999 xx 000 0 ara d
040 _aGCL /
_cGCL
082 0 4 _a811.9
_bح ا
100 1 _aحسين نجم
245 1 0 _aاغانى على ضفاف العمر /
_cحسين نجم
300 _a185 ص
490 _a
650 0 4 _aدواوين وقصائد
650 0 4 _aالشعر العربى - العصر الحديث
942 _2ddc
_cBK
999 _c37752
_d37752